| 000 | 01266cad a22002535a 4500 | ||
|---|---|---|---|
| 001 | L151562 | ||
| 008 | 101117s2010 xxk f 000 0 eng d | ||
| 035 | _a(Sirsi) u151562 | ||
| 041 | 0 | _aeng | |
| 050 | 0 | 4 | _a306.1 $2 18 |
| 100 | 1 | _aOxley, Michael | |
| 245 | 0 | 0 |
_aPromoting investment in private rented housing supply _binternational policy comparisons _h[electronic resource] |
| 260 |
_aLondon _bDCLG _v2010 |
||
| 520 | _aInvestigates the range of policy frameworks in place in high income countries to promote investment in private rented housing supply. From 27 countries initially selected, 12 countries were investigated further which was then narrowed down to four, these USA, Australia, France and Germany which were then compared with the system in England which traditionally has a smaller private rented sector than countries such as Germany. | ||
| 590 | _aKA NTK | ||
| 651 | 4 | _aInternational | |
| 690 | _aPROPERTY-RESIDENTIAL PROPERTY-DOMESTIC RESIDENTIAL PROPERTY-HOUSING | ||
| 700 | 1 | _aLishman, Ros | |
| 700 | 1 | _aBrown, Tim | |
| 700 | 1 | _aHaffner, Marietta | |
| 700 | 1 | _aHoellering, M.F. | |
| 856 | 4 | 0 |
_uhttps://www.communities.gov.uk/documents/housing/pdf/1759530.pdf _zView this item free of charge at www.communities.gov.uk |
| 942 | _n0 | ||
| 999 |
_c111445 _d111445 |
||